|
|
|
|
| LEADER |
01466nam a2200361 a 4500 |
| 001 |
EBC3012565 |
| 003 |
MiAaPQ |
| 005 |
20200520144314.0 |
| 006 |
m o d | |
| 007 |
cr cn||||||||| |
| 008 |
090811s2006 dcua sb 000 0 eng d |
| 035 |
|
|
|a (MiAaPQ)EBC3012565
|
| 035 |
|
|
|a (Au-PeEL)EBL3012565
|
| 035 |
|
|
|a (CaPaEBR)ebr10302981
|
| 035 |
|
|
|a (OCoLC)535146979
|
| 040 |
|
|
|a MiAaPQ
|c MiAaPQ
|d MiAaPQ
|
| 043 |
|
|
|a a-ta---
|
| 050 |
|
4 |
|a HG3969.25
|b .K57 2006
|
| 100 |
1 |
|
|a Kireyev, Alexei.
|
| 245 |
1 |
4 |
|a The macroeconomics of remittances
|h [electronic resource] :
|b the case of Tajikistan /
|c prepared by Alexei Kireyev.
|
| 260 |
|
|
|a [Washington, D.C.] :
|b International Monetary Fund, Policy Development and Review Dept.,
|c 2006.
|
| 300 |
|
|
|a 24 p. :
|b ill.
|
| 490 |
1 |
|
|a IMF working paper ;
|v WP/06/2
|
| 500 |
|
|
|a "January 2006."
|
| 504 |
|
|
|a Includes bibliographical references (p. 23-24).
|
| 533 |
|
|
|a Electronic reproduction. Ann Arbor, MI : ProQuest, 2015. Available via World Wide Web. Access may be limited to ProQuest affiliated libraries.
|
| 650 |
|
0 |
|a Emigrant remittances
|z Tajikistan
|x Econometric models.
|
| 650 |
|
0 |
|a Labor market
|z Tajikistan.
|
| 655 |
|
4 |
|a Electronic books.
|
| 710 |
2 |
|
|a International Monetary Fund.
|b Policy Development and Review Dept.
|
| 710 |
2 |
|
|a ProQuest (Firm)
|
| 830 |
|
0 |
|a IMF working paper ;
|v WP/06/2.
|
| 856 |
4 |
0 |
|u https://ebookcentral.proquest.com/lib/matrademy/detail.action?docID=3012565
|z Click to View
|